[Event "Blitz 2018"]
[Site "Saint-Petersburg"]
[Date "2018.12.30"]
[Round "17"]
[Board "39"]
[White "Bindrich Falko (GER)"]
[Black "Kovalev Vladislav (BLR)"]
[Result "0-1"]
[LiveChessVersion "1.4.8"]
[BlackElo "2553"]
[WhiteElo "2639"]

1. d4 {[%clk 0:03:03]} Nf6 {[%clk 0:03:03]} 2. Nf3 {[%clk 0:03:04]} g6
{[%clk 0:03:05]} 3. Nbd2 {[%clk 0:03:05]} d5 {[%clk 0:03:03]} 4. e3
{[%clk 0:03:06]} Bg7 {[%clk 0:03:04]} 5. Be2 {[%clk 0:03:07]} O-O
{[%clk 0:03:04]} 6. b4 {[%clk 0:03:08]} a5 {[%clk 0:03:04]} 7. b5
{[%clk 0:03:09]} c5 {[%clk 0:03:05]} 8. bxc6 {[%clk 0:03:05]} bxc6
{[%clk 0:03:06]} 9. Ba3 {[%clk 0:03:04]} Ba6 {[%clk 0:02:58]} 10. O-O
{[%clk 0:03:02]} Bxe2 {[%clk 0:02:53]} 11. Qxe2 {[%clk 0:03:03]} Na6
{[%clk 0:02:54]} 12. Rab1 {[%clk 0:02:49]} Nd7 {[%clk 0:01:53]} 13. c4
{[%clk 0:02:43]} Nb4 {[%clk 0:01:35]} 14. Nb3 {[%clk 0:02:42]} Rb8
{[%clk 0:01:05]} 15. Rfc1 {[%clk 0:02:32]} e6 {[%clk 0:01:06]} 16. cxd5
{[%clk 0:02:22]} cxd5 {[%clk 0:01:06]} 17. Qd2 {[%clk 0:02:05]} Re8
{[%clk 0:00:53]} 18. Nxa5 {[%clk 0:02:00]} Qxa5 {[%clk 0:00:55]} 19. Bxb4
{[%clk 0:02:01]} Qa4 {[%clk 0:00:55]} 20. a3 {[%clk 0:01:41]} Nb6
{[%clk 0:00:56]} 21. Qd1 {[%clk 0:01:29]} Qxd1+ {[%clk 0:00:27]} 22. Rxd1
{[%clk 0:01:30]} Nc4 {[%clk 0:00:23]} 23. Nd2 {[%clk 0:01:30]} Rec8
{[%clk 0:00:19]} 24. Nxc4 {[%clk 0:01:31]} Rxc4 {[%clk 0:00:21]} 25. Rdc1
{[%clk 0:01:32]} Rbc8 {[%clk 0:00:10]} 26. Rxc4 Rxc4 27. a4 {[%clk 0:01:24]} Rc2
{[%clk 0:00:08]} 28. Ra1 {[%clk 0:01:20]} e5 {[%clk 0:00:10]} 29. a5
{[%clk 0:00:54]} exd4 {[%clk 0:00:09]} 30. a6 {[%clk 0:00:56]} Rc8
{[%clk 0:00:07]} 31. a7 Ra8 32. Bc5 {[%clk 0:00:18]} dxe3 {[%clk 0:00:10]} 33.
Rb1 {[%clk 0:00:19]} e2 {[%clk 0:00:09]} 34. f4 {[%clk 0:00:21]} Bc3 35. Kf2
{[%clk 0:00:06]} e1=Q+ {[%clk 0:00:10]} 36. Rxe1 {[%clk 0:00:09]} Bxe1+
{[%clk 0:00:11]} 37. Kxe1 {[%clk 0:00:10]} f6 {[%clk 0:00:10]} 38. g4
{[%clk 0:00:05]} Kf7 {[%clk 0:00:08]} 39. f5 {[%clk 0:00:04]} gxf5
{[%clk 0:00:09]} 40. gxf5 {[%clk 0:00:05]} Ke8 {[%clk 0:00:11]} 41. Kd2
{[%clk 0:00:07]} Kd7 {[%clk 0:00:12]} 42. Kd3 Kc6 43. Bd4 {[%clk 0:00:08]} Rf8
{[%clk 0:00:07]} 44. Bxf6 {[%clk 0:00:04]} Kb7 {[%clk 0:00:09]} 45. Be5
{[%clk 0:00:03]} Rxf5 {[%clk 0:00:10]} 46. Kd4 {[%clk 0:00:05]} Kxa7
{[%clk 0:00:05]} 47. Kxd5 {[%clk 0:00:06]} Kb7 {[%clk 0:00:06]} 48. Ke6
{[%clk 0:00:06]} Rf3 {[%clk 0:00:07]} 49. Kd5 {[%clk 0:00:04]} Kc8
{[%clk 0:00:08]} 50. Ke4 {[%clk 0:00:05]} Rf7 {[%clk 0:00:09]} 51. Kd5
{[%clk 0:00:04]} Kd7 {[%clk 0:00:10]} 52. Bg3 {[%clk 0:00:05]} Rf5+
{[%clk 0:00:11]} 53. Ke4 {[%clk 0:00:06]} Ke6 {[%clk 0:00:13]} 54. Bh4
{[%clk 0:00:07]} Ra5 {[%clk 0:00:13]} 55. Bg3 {[%clk 0:00:08]} Ra4+
{[%clk 0:00:15]} 56. Kf3 Kf5 57. h3 {[%clk 0:00:10]} Ra3+ {[%clk 0:00:18]} 58.
Kg2 {[%clk 0:00:11]} Ra2+ {[%clk 0:00:19]} 59. Kh1 {[%clk 0:00:11]} Ke4
{[%clk 0:00:15]} 60. Kg1 {[%clk 0:00:10]} Kf3 {[%clk 0:00:15]} 61. Bd6
{[%clk 0:00:11]} Ra6 {[%clk 0:00:15]} 62. Bc7 {[%clk 0:00:11]} Rc6
{[%clk 0:00:16]} 63. Bb8 {[%clk 0:00:11]} Re6 {[%clk 0:00:17]} 64. Bc7
{[%clk 0:00:11]} Rh6 {[%clk 0:00:17]} 65. Kh2 {[%clk 0:00:11]} Kf2
{[%clk 0:00:17]} 66. Bg3+ {[%clk 0:00:11]} Kf1 {[%clk 0:00:18]} 67. Bf4
{[%clk 0:00:10]} Rg6 {[%clk 0:00:19]} 68. Bg3 {[%clk 0:00:10]} Rg8
{[%clk 0:00:19]} 69. Bh4 {[%clk 0:00:05]} Rg2+ {[%clk 0:00:17]} 70. Kh1
{[%clk 0:00:07]} Re2 {[%clk 0:00:16]} 71. Bg3 {[%clk 0:00:07]} Rc2
{[%clk 0:00:15]} 72. Bh4 {[%clk 0:00:06]} Rc3 {[%clk 0:00:13]} 73. Kh2
{[%clk 0:00:08]} Rc2+ {[%clk 0:00:14]} 74. Kh1 {[%clk 0:00:09]} Ke2
{[%clk 0:00:15]} 75. Kg2 {[%clk 0:00:10]} Ke3+ 76. Kg3 Rc6 {[%clk 0:00:13]} 77.
Bg5+ {[%clk 0:00:12]} Ke4 {[%clk 0:00:13]} 78. Bd8 {[%clk 0:00:08]} Rc8
{[%clk 0:00:11]} 79. Be7 {[%clk 0:00:07]} Re8 {[%clk 0:00:11]} 80. Bd6
{[%clk 0:00:08]} Re6 81. Bc7 Re7 {[%clk 0:00:11]} 82. Bd6 {[%clk 0:00:11]} Rg7+
{[%clk 0:00:12]} 83. Kf2 {[%clk 0:00:11]} Kf5 {[%clk 0:00:12]} 84. Kf3
{[%clk 0:00:12]} Rg1 {[%clk 0:00:12]} 85. Bb8 {[%clk 0:00:12]} Kg5
{[%clk 0:00:11]} 86. Bg3 {[%clk 0:00:11]} Kh5 {[%clk 0:00:11]} 87. Kf2
{[%clk 0:00:13]} Rb1 {[%clk 0:00:11]} 88. Kg2 {[%clk 0:00:14]} Rb2+
{[%clk 0:00:13]} 89. Kf3 {[%clk 0:00:15]} Kg6 {[%clk 0:00:11]} 90. Be5
{[%clk 0:00:14]} Rb3+ {[%clk 0:00:12]} 91. Kg2 {[%clk 0:00:13]} Kg5
{[%clk 0:00:11]} 92. Bd6 {[%clk 0:00:11]} Rd3 {[%clk 0:00:11]} 93. Be5
{[%clk 0:00:08]} Re3 {[%clk 0:00:09]} 94. Bc7 {[%clk 0:00:09]} Rb3
{[%clk 0:00:08]} 95. Bd8+ {[%clk 0:00:09]} Kh5 {[%clk 0:00:08]} 96. Bc7
{[%clk 0:00:09]} Rd3 {[%clk 0:00:08]} 97. Be5 {[%clk 0:00:08]} Re3
{[%clk 0:00:10]} 98. Bc7 {[%clk 0:00:10]} Rc3 {[%clk 0:00:09]} 99. Bd6
{[%clk 0:00:10]} Re3 {[%clk 0:00:09]} 100. Bf4 {[%clk 0:00:10]} Rd3
{[%clk 0:00:10]} 101. Be5 {[%clk 0:00:10]} Kg5 {[%clk 0:00:11]} 102. Bg3
{[%clk 0:00:06]} Rc3 {[%clk 0:00:11]} 103. Bd6 {[%clk 0:00:07]} Rc2+
{[%clk 0:00:12]} 104. Kg3 {[%clk 0:00:08]} Rc4 {[%clk 0:00:12]} 105. Be7+
{[%clk 0:00:09]} Kf5 {[%clk 0:00:13]} 106. Bd6 {[%clk 0:00:10]} Rc3+
{[%clk 0:00:14]} 107. Kg2 {[%clk 0:00:12]} Rc6 {[%clk 0:00:13]} 108. Bb8
{[%clk 0:00:13]} Rg6+ {[%clk 0:00:14]} 109. Kf3 {[%clk 0:00:14]} Kg5
{[%clk 0:00:14]} 110. Bg3 {[%clk 0:00:10]} Kh5 {[%clk 0:00:16]} 111. Kf2
{[%clk 0:00:09]} Rc6 {[%clk 0:00:16]} 112. Kg2 {[%clk 0:00:09]} Rc2+
{[%clk 0:00:17]} 113. Kf3 {[%clk 0:00:09]} Ra2 {[%clk 0:00:16]} 114. Be1
{[%clk 0:00:09]} Rh2 {[%clk 0:00:12]} 115. Kg3 {[%clk 0:00:09]} Re2
{[%clk 0:00:13]} 116. Bf2 {[%clk 0:00:08]} Rc2 {[%clk 0:00:14]} 117. Be1
{[%clk 0:00:04]} Kg5 {[%clk 0:00:12]} 118. Kf3 {[%clk 0:00:05]} h5
{[%clk 0:00:10]} 119. Kg3 {[%clk 0:00:05]} h4+ {[%clk 0:00:09]} 120. Kf3
{[%clk 0:00:05]} Rh2 {[%clk 0:00:10]} 121. Bb4 {[%clk 0:00:00]} 0-1

[Event "Blitz 2018"]
[Site "Saint-Petersburg"]
[Date "2018.12.30"]
[Round "17"]
[Board "40"]
[White "Anton Guijarro David (ESP)"]
[Black "Iljiushenok Ilia (RUS)"]
[Result "1-0"]
[LiveChessVersion "1.4.8"]
[BlackElo "2467"]
[WhiteElo "2631"]

1. Nf3 {[%clk 0:03:02]} Nf6 {[%clk 0:03:02]} 2. b3 {[%clk 0:03:02]} g6
{[%clk 0:03:02]} 3. Bb2 {[%clk 0:03:02]} Bg7 {[%clk 0:03:02]} 4. g3
{[%clk 0:03:02]} O-O {[%clk 0:03:02]} 5. Bg2 {[%clk 0:03:02]} d6 {[%clk 0:03:02]}
6. d4 {[%clk 0:03:02]} c5 {[%clk 0:03:02]} 7. c4 {[%clk 0:03:02]} d5
{[%clk 0:03:02]} 8. cxd5 {[%clk 0:02:59]} Qxd5 {[%clk 0:02:53]} 9. O-O
{[%clk 0:02:57]} cxd4 {[%clk 0:02:45]} 10. Nxd4 {[%clk 0:02:49]} Qh5
{[%clk 0:02:46]} 11. e3 {[%clk 0:02:42]} Bg4 {[%clk 0:02:38]} 12. f3
{[%clk 0:02:34]} Bd7 {[%clk 0:02:38]} 13. Nd2 {[%clk 0:02:30]} Nc6
{[%clk 0:02:36]} 14. Rc1 {[%clk 0:02:26]} Rad8 {[%clk 0:02:37]} 15. Qe2
{[%clk 0:02:25]} a6 {[%clk 0:02:37]} 16. Rfd1 {[%clk 0:02:23]} Qa5
{[%clk 0:02:30]} 17. Nc4 {[%clk 0:02:08]} Qh5 {[%clk 0:02:23]} 18. a4
{[%clk 0:01:51]} Nxd4 {[%clk 0:01:57]} 19. Bxd4 {[%clk 0:01:52]} Bc6
{[%clk 0:01:57]} 20. Ne5 {[%clk 0:01:50]} Bd5 {[%clk 0:01:57]} 21. Qb2
{[%clk 0:01:49]} Ne8 {[%clk 0:01:50]} 22. e4 {[%clk 0:01:41]} Bxb3
{[%clk 0:01:26]} 23. Qxb3 {[%clk 0:01:13]} Bxe5 {[%clk 0:01:26]} 24. Bf2
{[%clk 0:01:02]} Nd6 {[%clk 0:00:37]} 25. f4 {[%clk 0:01:02]} Bg7
{[%clk 0:00:38]} 26. e5 {[%clk 0:01:01]} Nf5 {[%clk 0:00:39]} 27. Bf3
{[%clk 0:01:01]} Qh3 {[%clk 0:00:39]} 28. a5 {[%clk 0:00:52]} g5 {[%clk 0:00:36]}
29. fxg5 {[%clk 0:00:43]} Bxe5 {[%clk 0:00:34]} 30. Qxb7 {[%clk 0:00:41]} Bd4
{[%clk 0:00:32]} 31. Bxd4 {[%clk 0:00:34]} Nxd4 {[%clk 0:00:33]} 32. Qe4
{[%clk 0:00:27]} e5 {[%clk 0:00:26]} 33. Bg2 {[%clk 0:00:25]} Qh5
{[%clk 0:00:25]} 34. Re1 {[%clk 0:00:24]} Rfe8 {[%clk 0:00:24]} 35. h4
{[%clk 0:00:24]} Qg6 {[%clk 0:00:19]} 36. Rc5 {[%clk 0:00:24]} Qxe4
{[%clk 0:00:14]} 37. Rxe4 {[%clk 0:00:24]} Rb8 {[%clk 0:00:10]} 38. Rexe5
{[%clk 0:00:23]} Rxe5 {[%clk 0:00:11]} 39. Rxe5 {[%clk 0:00:23]} Rb1+
{[%clk 0:00:10]} 40. Kh2 {[%clk 0:00:24]} Rb2 {[%clk 0:00:11]} 41. Kh3
{[%clk 0:00:24]} Rb3 {[%clk 0:00:11]} 42. Bf1 {[%clk 0:00:11]} Nc6
{[%clk 0:00:10]} 43. Rc5 {[%clk 0:00:11]} Nb4 {[%clk 0:00:07]} 44. Bc4
{[%clk 0:00:09]} Ra3 {[%clk 0:00:06]} 45. Rc7 {[%clk 0:00:10]} Nd3
{[%clk 0:00:04]} 46. Bxd3 {[%clk 0:00:09]} Rxd3 {[%clk 0:00:05]} 47. Rc6
{[%clk 0:00:11]} Kg7 {[%clk 0:00:05]} 48. Rxa6 {[%clk 0:00:11]} Rd5
{[%clk 0:00:05]} 49. Kg4 {[%clk 0:00:11]} Rb5 {[%clk 0:00:06]} 50. h5
{[%clk 0:00:12]} Rb4+ {[%clk 0:00:05]} 51. Kh3 {[%clk 0:00:12]} Rb5
{[%clk 0:00:05]} 52. h6+ {[%clk 0:00:12]} Kf8 {[%clk 0:00:06]} 53. Kh4
{[%clk 0:00:13]} Rb4+ {[%clk 0:00:06]} 54. Kh5 {[%clk 0:00:13]} Ke7
{[%clk 0:00:05]} 55. Ra8 {[%clk 0:00:14]} Ra4 {[%clk 0:00:04]} 56. a6
{[%clk 0:00:13]} Ra1 {[%clk 0:00:05]} 57. a7 {[%clk 0:00:13]} Ra4
{[%clk 0:00:05]} 58. g4 {[%clk 0:00:09]} Ra1 {[%clk 0:00:05]} 59. Kh4
{[%clk 0:00:10]} Ra3 {[%clk 0:00:06]} 60. g6 {[%clk 0:00:11]} fxg6
{[%clk 0:00:05]} 61. Rh8 {[%clk 0:00:10]} 1-0

[Event "Blitz 2018"]
[Site "Saint-Petersburg"]
[Date "2018.12.30"]
[Round "17"]
[Board "41"]
[White "Roiz Michael (ISR)"]
[Black "Al-Sayed Mohammed (QAT)"]
[Result "0-1"]
[LiveChessVersion "1.4.8"]
[BlackElo "2547"]
[WhiteElo "2617"]

1. Nf3 {[%clk 0:03:02]} d5 {[%clk 0:03:03]} 2. e3 {[%clk 0:03:01]} Nf6
{[%clk 0:03:02]} 3. c4 {[%clk 0:03:02]} c6 {[%clk 0:03:01]} 4. d4
{[%clk 0:03:03]} Bf5 {[%clk 0:03:01]} 5. Nc3 {[%clk 0:03:04]} e6 {[%clk 0:03:02]}
6. Nh4 {[%clk 0:03:04]} Bg6 {[%clk 0:03:02]} 7. Nxg6 {[%clk 0:02:57]} hxg6
{[%clk 0:03:02]} 8. Rb1 {[%clk 0:02:56]} Nbd7 {[%clk 0:02:57]} 9. b4
{[%clk 0:02:42]} a5 {[%clk 0:02:38]} 10. b5 {[%clk 0:02:41]} Bb4 {[%clk 0:02:16]}
11. Bd2 {[%clk 0:02:41]} Qe7 {[%clk 0:02:17]} 12. bxc6 {[%clk 0:02:28]} bxc6
{[%clk 0:02:18]} 13. Be2 {[%clk 0:02:23]} O-O {[%clk 0:01:31]} 14. O-O
{[%clk 0:02:22]} Rab8 {[%clk 0:01:25]} 15. Qc2 {[%clk 0:02:01]} e5
{[%clk 0:01:25]} 16. c5 {[%clk 0:01:41]} Rfe8 {[%clk 0:01:02]} 17. Rfe1
{[%clk 0:01:19]} Nf8 {[%clk 0:01:03]} 18. Bf1 {[%clk 0:01:09]} exd4
{[%clk 0:00:57]} 19. exd4 {[%clk 0:01:10]} Ne6 {[%clk 0:00:58]} 20. Ne2
{[%clk 0:01:09]} Ne4 {[%clk 0:00:47]} 21. Bxb4 {[%clk 0:01:09]} axb4
{[%clk 0:00:48]} 22. f3 {[%clk 0:01:08]} Nf6 {[%clk 0:00:45]} 23. Qd2
{[%clk 0:01:08]} Qa7 {[%clk 0:00:44]} 24. Rb2 {[%clk 0:00:37]} Re7
{[%clk 0:00:34]} 25. Reb1 {[%clk 0:00:37]} Reb7 {[%clk 0:00:34]} 26. Rxb4
{[%clk 0:00:33]} Rxb4 {[%clk 0:00:25]} 27. Rxb4 {[%clk 0:00:35]} Rxb4
{[%clk 0:00:26]} 28. Qxb4 {[%clk 0:00:36]} Qxa2 {[%clk 0:00:27]} 29. Qb8+
{[%clk 0:00:35]} Kh7 {[%clk 0:00:28]} 30. Qe5 {[%clk 0:00:24]} Qd2
{[%clk 0:00:24]} 31. h4 {[%clk 0:00:15]} Nh5 {[%clk 0:00:24]} 32. g3
{[%clk 0:00:11]} Qe1 {[%clk 0:00:22]} 33. Kg2 {[%clk 0:00:11]} Nf6
{[%clk 0:00:21]} 34. Qe3 {[%clk 0:00:11]} Qd1 {[%clk 0:00:21]} 35. Qe5
{[%clk 0:00:11]} Nd7 {[%clk 0:00:19]} 36. Qd6 {[%clk 0:00:10]} Nf6
{[%clk 0:00:20]} 37. Qe5 {[%clk 0:00:11]} Qd2 {[%clk 0:00:21]} 38. Kf2
{[%clk 0:00:11]} Nh5 {[%clk 0:00:20]} 39. Qe3 {[%clk 0:00:11]} Qb2
{[%clk 0:00:16]} 40. Kg2 {[%clk 0:00:07]} Nf6 {[%clk 0:00:13]} 41. Kf2
{[%clk 0:00:08]} Ng8 {[%clk 0:00:14]} 42. Qe5 {[%clk 0:00:07]} Ne7
{[%clk 0:00:13]} 43. h5 {[%clk 0:00:08]} gxh5 {[%clk 0:00:12]} 44. Qxh5+
{[%clk 0:00:09]} Kg8 {[%clk 0:00:13]} 45. Qe5 {[%clk 0:00:10]} g6
{[%clk 0:00:10]} 46. Qd6 {[%clk 0:00:10]} Kf8 {[%clk 0:00:05]} 47. Qe5
{[%clk 0:00:12]} Nf5 {[%clk 0:00:05]} 48. g4 {[%clk 0:00:04]} Nfxd4
{[%clk 0:00:06]} 49. Qd6+ {[%clk 0:00:04]} Kg8 {[%clk 0:00:06]} 50. Qe5
{[%clk 0:00:04]} Qd2 {[%clk 0:00:06]} 51. Qe3 {[%clk 0:00:00]} 0-1

[Event "Blitz 2018"]
[Site "Saint-Petersburg"]
[Date "2018.12.30"]
[Round "17"]
[Board "42"]
[White "Motylev Alexander (RUS)"]
[Black "Tissir Mohamed (MAR)"]
[Result "1-0"]
[LiveChessVersion "1.4.8"]
[BlackElo "2381"]
[WhiteElo "2609"]

1. e4 {[%clk 0:03:02]} c5 {[%clk 0:03:03]} 2. Nc3 {[%clk 0:03:03]} Nc6
{[%clk 0:03:04]} 3. Bb5 {[%clk 0:03:04]} Nd4 {[%clk 0:03:04]} 4. Bc4
{[%clk 0:03:04]} e6 {[%clk 0:03:04]} 5. Nge2 {[%clk 0:03:05]} Qc7
{[%clk 0:03:02]} 6. O-O {[%clk 0:03:03]} a6 {[%clk 0:02:53]} 7. a4
{[%clk 0:03:03]} Bd6 {[%clk 0:02:18]} 8. f4 {[%clk 0:03:01]} Be7 {[%clk 0:02:08]}
9. d3 {[%clk 0:02:59]} Nf6 {[%clk 0:01:53]} 10. e5 {[%clk 0:02:58]} Ng8
{[%clk 0:01:34]} 11. Ne4 {[%clk 0:02:54]} d5 {[%clk 0:01:30]} 12. exd6
{[%clk 0:02:53]} Bxd6 {[%clk 0:01:30]} 13. Nxd4 {[%clk 0:02:42]} cxd4
{[%clk 0:01:31]} 14. Nxd6+ {[%clk 0:02:41]} Qxd6 {[%clk 0:01:32]} 15. Qg4
{[%clk 0:02:42]} g6 {[%clk 0:01:18]} 16. f5 {[%clk 0:02:34]} exf5
{[%clk 0:01:10]} 17. Qh4 {[%clk 0:02:30]} h5 {[%clk 0:00:38]} 18. Bf4
{[%clk 0:02:30]} Qf6 {[%clk 0:00:24]} 19. Rae1+ {[%clk 0:02:21]} Kf8
{[%clk 0:00:23]} 20. Bg5 {[%clk 0:02:16]} Qc6 {[%clk 0:00:20]} 21. Qxd4
{[%clk 0:02:13]} Rh7 {[%clk 0:00:17]} 22. Qd8+ {[%clk 0:01:51]} Kg7
{[%clk 0:00:18]} 23. Re8 {[%clk 0:01:51]} Rh8 {[%clk 0:00:13]} 24. Qd4+
{[%clk 0:01:48]} f6 {[%clk 0:00:08]} 25. Rfe1 {[%clk 0:01:46]} b5
{[%clk 0:00:05]} 26. R1e7+ {[%clk 0:01:40]} 1-0

[Event "Blitz 2018"]
[Site "Saint-Petersburg"]
[Date "2018.12.30"]
[Round "17"]
[Board "43"]
[White "Saric Ivan (CRO)"]
[Black "Antipov Mikhail Al. (RUS)"]
[Result "1-0"]
[LiveChessVersion "1.4.8"]
[BlackElo "2604"]
[WhiteElo "2572"]

1. e4 {[%clk 0:03:03]} e6 {[%clk 0:02:56]} 2. d4 {[%clk 0:03:04]} d5
{[%clk 0:02:57]} 3. Nc3 {[%clk 0:03:05]} dxe4 {[%clk 0:02:53]} 4. Nxe4
{[%clk 0:03:06]} Nd7 {[%clk 0:02:53]} 5. Bd3 {[%clk 0:03:07]} Ngf6
{[%clk 0:02:54]} 6. c3 {[%clk 0:03:05]} Be7 {[%clk 0:02:27]} 7. Nf3
{[%clk 0:03:01]} O-O {[%clk 0:02:05]} 8. Qe2 {[%clk 0:03:00]} b6 {[%clk 0:01:50]}
9. Bg5 {[%clk 0:02:46]} Bb7 {[%clk 0:01:51]} 10. h4 {[%clk 0:02:40]} c5
{[%clk 0:01:18]} 11. O-O-O {[%clk 0:02:37]} cxd4 {[%clk 0:00:48]} 12. Nxd4
{[%clk 0:02:38]} Nxe4 {[%clk 0:00:38]} 13. Bxe4 {[%clk 0:02:36]} Bxe4
{[%clk 0:00:37]} 14. Qxe4 {[%clk 0:02:36]} Bxg5+ {[%clk 0:00:31]} 15. hxg5
{[%clk 0:02:36]} Qxg5+ {[%clk 0:00:32]} 16. f4 {[%clk 0:02:24]} Nf6
{[%clk 0:00:33]} 17. Qf3 {[%clk 0:02:16]} Qd5 {[%clk 0:00:30]} 18. Qh3
{[%clk 0:02:11]} Qxa2 {[%clk 0:00:18]} 19. g4 {[%clk 0:02:13]} Qa1+
{[%clk 0:00:06]} 20. Kc2 {[%clk 0:02:13]} Qa4+ {[%clk 0:00:07]} 21. Kb1
{[%clk 0:02:12]} Rfd8 {[%clk 0:00:05]} 22. g5 {[%clk 0:02:12]} Nd5
{[%clk 0:00:06]} 23. Qxh7+ {[%clk 0:02:08]} Kf8 {[%clk 0:00:07]} 24. g6
{[%clk 0:01:56]} Rac8 {[%clk 0:00:06]} 25. Qh8+ {[%clk 0:01:55]} Ke7
{[%clk 0:00:07]} 26. Qxg7 {[%clk 0:01:56]} Rf8 {[%clk 0:00:06]} 27. gxf7
{[%clk 0:01:45]} Rxf7 {[%clk 0:00:05]} 28. Nf5+ {[%clk 0:01:42]} exf5
{[%clk 0:00:04]} 29. Rhe1+ {[%clk 0:01:43]} 1-0

[Event "Blitz 2018"]
[Site "Saint-Petersburg"]
[Date "2018.12.30"]
[Round "17"]
[Board "44"]
[White "Gordievsky Dmitry (RUS)"]
[Black "Nozdrachev Vladislav (RUS)"]
[Result "1/2-1/2"]
[LiveChessVersion "1.4.8"]
[BlackElo "2521"]
[WhiteElo "2591"]

1. Nf3 {[%clk 0:03:02]} d5 {[%clk 0:03:03]} 2. g3 {[%clk 0:03:02]} Nf6
{[%clk 0:03:04]} 3. Bg2 {[%clk 0:03:03]} e6 {[%clk 0:03:04]} 4. O-O
{[%clk 0:03:03]} Be7 {[%clk 0:03:05]} 5. b3 {[%clk 0:03:03]} O-O {[%clk 0:03:05]}
6. Bb2 {[%clk 0:03:04]} a5 {[%clk 0:03:06]} 7. c4 {[%clk 0:02:58]} a4
{[%clk 0:03:05]} 8. d3 {[%clk 0:02:54]} Nc6 {[%clk 0:03:00]} 9. e3
{[%clk 0:02:45]} a3 {[%clk 0:02:32]} 10. Bc3 {[%clk 0:02:43]} Nb4
{[%clk 0:02:32]} 11. Qe2 {[%clk 0:02:04]} c5 {[%clk 0:02:27]} 12. Nbd2
{[%clk 0:01:55]} b6 {[%clk 0:02:07]} 13. Bxb4 {[%clk 0:01:39]} cxb4
{[%clk 0:02:08]} 14. d4 {[%clk 0:01:38]} Bb7 {[%clk 0:02:02]} 15. Rac1
{[%clk 0:01:38]} Rc8 {[%clk 0:02:01]} 16. Ne5 {[%clk 0:01:38]} Bd6
{[%clk 0:01:54]} 17. Nd3 {[%clk 0:01:35]} Qe7 {[%clk 0:01:52]} 18. e4
{[%clk 0:01:28]} dxe4 {[%clk 0:01:39]} 19. Nxe4 {[%clk 0:01:28]} Nxe4
{[%clk 0:01:38]} 20. Bxe4 {[%clk 0:01:29]} Rfd8 {[%clk 0:01:32]} 21. Rfd1
{[%clk 0:01:27]} Bxe4 {[%clk 0:01:18]} 22. Qxe4 {[%clk 0:01:27]} h6
{[%clk 0:00:52]} 23. f4 {[%clk 0:01:28]} g6 {[%clk 0:00:51]} 24. Ne1
{[%clk 0:01:28]} Qc7 {[%clk 0:00:32]} 25. Nf3 {[%clk 0:01:22]} Bf8
{[%clk 0:00:34]} 26. Rd3 {[%clk 0:01:14]} Bg7 {[%clk 0:00:34]} 27. Rcd1
{[%clk 0:01:15]} Rd6 {[%clk 0:00:31]} 28. d5 {[%clk 0:01:05]} b5 {[%clk 0:00:27]}
29. Ne5 {[%clk 0:00:38]} bxc4 {[%clk 0:00:22]} 30. Nxc4 {[%clk 0:00:33]} exd5
{[%clk 0:00:20]} 31. Rxd5 {[%clk 0:00:34]} Rxd5 {[%clk 0:00:19]} 32. Qxd5
{[%clk 0:00:33]} Re8 {[%clk 0:00:18]} 33. Rd2 {[%clk 0:00:26]} Qa7+
{[%clk 0:00:18]} 34. Kf1 {[%clk 0:00:20]} Bc3 {[%clk 0:00:19]} 35. Re2
{[%clk 0:00:16]} Rxe2 {[%clk 0:00:19]} 36. Kxe2 {[%clk 0:00:17]} Qg1
{[%clk 0:00:17]} 37. Nd6 {[%clk 0:00:18]} Qe1+ {[%clk 0:00:12]} 38. Kd3
{[%clk 0:00:19]} Qf1+ {[%clk 0:00:12]} 39. Ke3 {[%clk 0:00:15]} Qe1+
{[%clk 0:00:10]} 40. Kd3 {[%clk 0:00:16]} Qf1+ {[%clk 0:00:08]} 41. Ke3
{[%clk 0:00:16]} Qe1+ {[%clk 0:00:07]} 42. Ke4 1/2-1/2

[Event "Blitz 2018"]
[Site "Saint-Petersburg"]
[Date "2018.12.30"]
[Round "17"]
[Board "45"]
[White "Kazhgaleyev Murtas (KAZ)"]
[Black "Popov Valerij (RUS)"]
[Result "1-0"]
[LiveChessVersion "1.4.8"]
[BlackElo "2574"]
[WhiteElo "2553"]

1. d4 {[%clk 0:03:02]} d5 {[%clk 0:03:04]} 2. c4 {[%clk 0:03:03]} e6
{[%clk 0:03:05]} 3. Nc3 {[%clk 0:03:04]} Bb4 {[%clk 0:03:06]} 4. Nf3
{[%clk 0:03:00]} dxc4 {[%clk 0:03:07]} 5. Qa4+ {[%clk 0:02:40]} Nc6
{[%clk 0:03:09]} 6. a3 {[%clk 0:02:42]} Bxc3+ {[%clk 0:03:09]} 7. bxc3
{[%clk 0:02:43]} Qd5 {[%clk 0:03:10]} 8. g3 {[%clk 0:02:27]} b5 {[%clk 0:03:09]}
9. Qc2 {[%clk 0:02:25]} Bb7 {[%clk 0:02:59]} 10. Bg2 {[%clk 0:02:25]} Nge7
{[%clk 0:02:54]} 11. O-O {[%clk 0:02:22]} O-O {[%clk 0:02:42]} 12. a4
{[%clk 0:02:21]} a6 {[%clk 0:02:42]} 13. Ba3 {[%clk 0:02:21]} h6 {[%clk 0:02:24]}
14. Bxe7 {[%clk 0:02:15]} Nxe7 {[%clk 0:02:25]} 15. Nh4 {[%clk 0:02:14]} Qd7
{[%clk 0:02:20]} 16. Bxb7 {[%clk 0:02:14]} Ra7 {[%clk 0:02:21]} 17. Bg2
{[%clk 0:02:14]} c6 {[%clk 0:02:22]} 18. Nf3 {[%clk 0:02:13]} f6 {[%clk 0:02:23]}
19. e4 {[%clk 0:02:11]} Rd8 {[%clk 0:02:20]} 20. Rfd1 {[%clk 0:02:09]} Qc8
{[%clk 0:02:15]} 21. Bh3 {[%clk 0:02:09]} Kf7 {[%clk 0:02:12]} 22. Re1
{[%clk 0:02:06]} Qb8 {[%clk 0:01:53]} 23. Rad1 {[%clk 0:01:56]} Qb6
{[%clk 0:01:16]} 24. d5 {[%clk 0:01:56]} cxd5 {[%clk 0:01:15]} 25. exd5
{[%clk 0:01:57]} e5 {[%clk 0:01:17]} 26. Be6+ {[%clk 0:01:54]} 1-0